Desarrollo y medio ambiente: hacia un enfoque integrador

Guardat en:
Dades bibliogràfiques
Autors principals: Vial, Joaquín (Autor), Dasgupta, Partha (Autor)
Format: Llibre
Idioma:espanyol
Publicat: Santiago CIEPLAN 1991
Matèries:
Etiquetes: Afegir etiqueta
Sense etiquetes, Sigues el primer a etiquetar aquest registre!

MARC

LEADER 00000nam a2200000 a 4500
001 UCX6506
003 CL-VaPUC
008 930707e19910000CL |||||||||||||||||spa|d
082 0 4 |a 333.7  |b VIA  |2 21 
100 0 |a Vial, Joaquín  |e author  |9 323008 
700 0 |a Dasgupta, Partha  |e author  |9 323009 
245 1 0 |a Desarrollo y medio ambiente: hacia un enfoque integrador 
300 |a 228 p 
942 |c BK 
945 |d 19930707 00:00:00 
260 |a Santiago  |b CIEPLAN  |c 1991 
650 0 |a Desarrollo económico  |9 259599 
650 0 |a Aspectos ambientales   |9 258658 
583 |a last modification  |c 19930707 00:00:00  |k Rodrigo Vera 
999 |c 226511  |d 226509 
952 |0 0  |1 0  |4 0  |6 333_700000000000000_VIA_1991  |7 0  |8 A  |9 224938  |a BIBING  |b BIBING  |d 2019-11-15  |i 2936593  |o 333.7 VIA 1991  |p 2936593  |r 2025-01-20  |w 2019-11-15  |y BK  |k GEO